Pestovanie bonsajov

Bibliographic Details
Main Author: bm (Author)
Corporate Author: Verejná knižnica Jána Bocatia v Košiciach (Author)
Format: Article
Language:Slovak
Subjects:

MARC

LEADER 00000nab a2200000 a 4500
001 vtls000896478
003 SK-MaSNL
005 20260305013700.0
008 040720e19971112xo 0 slo
035 |a KE5503 
040 |a KEVKJB  |b slo  |c KEVKJB  |e AACR2 
041 0 |a slo 
044 |a xo  |c SK 
080 |a 027.53:885.0-3:929  |2 1981 
100 0 |a bm  |4 aut  |9 840066 
245 1 0 |a Pestovanie bonsajov 
610 2 7 |a Verejná knižnica Jána Bocatia v Košiciach  |2 SNKKA  |9 29554 
650 0 7 |a bonsaje  |2 SNKPH  |9 3728 
650 0 7 |a prednášky  |2 SNKPH  |9 50071 
650 0 7 |a knižnice  |2 SNKPH  |9 17965 
651 7 |a Košice (Slovensko)  |2 SNKPHgeo  |9 18694 
651 7 |a KE,  |2 KEVKJB  |9 877256 
655 7 |a periodikum  |2 SNKPH  |9 29553 
710 2 |a Verejná knižnica Jána Bocatia v Košiciach  |4 aut  |9 29554 
773 0 8 |t Košický večer  |g Roč. 8  |g Roč. 29, č.219, 12.11.1997, s. 2 
852 |a ZVYKNI  |b KIS3GCP 
999 |c 3265421  |d 3267351